000 01316nam a2200217 a 4500
008 190820s2011 ||||||||||||||||| || u
020 _a9780198069188
050 _aTA 645 Tha
100 _aThandavamoorthy, T.S
245 1 0 _aStructural analysis
_cBy T.S. Thandavamoorthy
260 _aNew Delhi
_bOxford University Press
_c2011
300 _axix, 1336 pages : illustrations
350 _a49.95
650 _aSTRUCTURAL ANALYSIS (ENGINEERING)--ARCHITECTURE
650 _aARCHITECTURAL DESGN--EVALUATION
995 _aMAIN LIBRARY OPEN ACCESS
_e749662
_FCBU-MAIN LIBRARY (Kitwe)
_I49.95
_jTA 645 Tha
_M4
_UAVAILABLE
_WAug 23, 2019
_y749662
_ZMain Library Open Access Collection
995 _aMAIN LIBRARY OPEN ACCESS
_e749659
_FCBU-MAIN LIBRARY (Kitwe)
_I49.95
_jTA 645 Tha
_M1
_UAVAILABLE
_WAug 23, 2019
_y749659
_ZMain Library Open Access Collection
995 _aMAIN LIBRARY OPEN ACCESS
_e749660
_FCBU-MAIN LIBRARY (Kitwe)
_I49.95
_jTA 645 Tha
_M2
_UAVAILABLE
_WAug 23, 2019
_y749660
_ZMain Library Open Access Collection
995 _aSHORT LOAN BOOKS
_e750104
_FCBU-MAIN LIBRARY (Kitwe)
_I49.95
_jTA 645 Tha
_M5
_UAVAILABLE
_WNov 26, 2019
_y750104
_ZShort Loan Collection
995 _aMAIN LIBRARY OPEN ACCESS
_e749661
_FCBU-MAIN LIBRARY (Kitwe)
_I49.95
_jTA 645 Tha
_M3
_UAVAILABLE
_WAug 23, 2019
_y749661
_ZMain Library Open Access Collection
999 _c76902
_d76902